Информационные системы в экономике: учебное пособие

Detalles Bibliográficos
Autor principal: Емельянова Н. З. Наталья Захаровна
Otros Autores: Партыка Т. Л. Татьяна Леонидовна, Попов И. И. Игорь Иванович
Sumario:В учебном пособии рассматриваются классификация и структура автоматизированных информационных систем (АИС), связанные с ними понятия и определения, роль предметной области. В качестве иллюстрации приводятся некоторые классы информационных систем, применяемых в экономике, и соответствующие конкретные примеры. Рассмотрены технологии проектирования АИС, а также мировые информационные ресурсы, актуальные с точки зрения экономики и управления, и средства доступа к ним. Для студентов экономических специальностей.
Lenguaje:ruso
Publicado: Москва, Инфра-М, 2011
Colección:Профессиональное образование
Materias:
Formato: Libro
KOHA link:https://koha.lib.tpu.ru/cgi-bin/koha/opac-detail.pl?biblionumber=205190

MARC

LEADER 00000nam0a2200000 4500
001 205190
005 20231101225250.0
010 |a 5911340070 
010 |a 5-16-002621-5 
035 |a (RuTPU)RU\TPU\book\223648 
090 |a 205190 
100 |a 20111207d m y0rusy50 ca 
101 0 |a rus 
102 |a RU 
105 |a a j 001zy 
200 1 |a Информационные системы в экономике  |e учебное пособие   |f Н. З. Емельянова, Т. Л. Партыка, И. И. Попов 
210 |a Москва  |c Инфра-М  |c Форум  |d 2011 
215 |a 464 с.  |c ил. 
225 1 |a Профессиональное образование 
320 |a Библиогр.: с. 436-438. 
320 |a Глоссарий: с. 439-451. 
330 |a В учебном пособии рассматриваются классификация и структура автоматизированных информационных систем (АИС), связанные с ними понятия и определения, роль предметной области. В качестве иллюстрации приводятся некоторые классы информационных систем, применяемых в экономике, и соответствующие конкретные примеры. Рассмотрены технологии проектирования АИС, а также мировые информационные ресурсы, актуальные с точки зрения экономики и управления, и средства доступа к ним. Для студентов экономических специальностей. 
606 1 |a Информационные системы в экономике  |2 stltpush  |3 (RuTPU)RU\TPU\subj\36208  |9 57669 
610 1 |a экономика 
610 1 |a экономическая информация 
610 1 |a информационные системы 
610 1 |a АИС 
610 1 |a автоматизированные информационные системы 
610 1 |a методология 
610 1 |a классификация 
610 1 |a фактографический поиск 
610 1 |a документальные ресурсы 
610 1 |a экспертные системы 
610 1 |a гипертекстовые документы 
610 1 |a проектирование 
610 1 |a применение 
610 1 |a глобальные автоматизированные системы 
610 1 |a учебные пособия 
686 |a У9(2)39я73  |v LBC/SL-A  |2 rubbk 
700 1 |a Емельянова  |b Н. З.  |g Наталья Захаровна 
701 1 |a Партыка  |b Т. Л.  |g Татьяна Леонидовна 
701 1 |a Попов  |b И. И.  |g Игорь Иванович 
801 1 |a RU  |b 63413507  |c 20111207 
801 2 |a RU  |b 63413507  |c 20150429  |g RCR 
900 |a Информационные системы в экономике 
942 |c BK 
952 |l 6 
959 |a 98/20111207  |d 2  |e 183,92  |f ЧЗГЛ:1  |f АНЛ:1